|
|
|
|
| LEADER |
00000nam0a2200000 4500 |
| 001 |
160683 |
| 005 |
20231101222215.0 |
| 010 |
|
|
|a 9785953206693
|
| 035 |
|
|
|a (RuTPU)RU\TPU\book\174264
|
| 090 |
|
|
|a 160683
|
| 100 |
|
|
|a 20090526d2009 m y0rusy50 ca
|
| 101 |
0 |
|
|a rus
|
| 102 |
|
|
|a RU
|
| 105 |
|
|
|a a j 001zy
|
| 200 |
1 |
|
|a Общая биология. Дуалистическая и материалистическая концепция жизни на Земле
|e учебное пособие
|f А. В. Присный
|
| 210 |
|
|
|a Москва
|c КолосС
|d 2009
|
| 215 |
|
|
|a 351 с.
|c ил.
|
| 225 |
1 |
|
|a Классическое университетское образование
|
| 320 |
|
|
|a Библиогр.: с. 341-344.
|
| 320 |
|
|
|a Темат. указ.: с. 345-348.
|
| 330 |
|
|
|a Изложены современные представления о сущности жизни и ее проявлении в условиях Земли в виде живой системы — биосферы. Рассмотрены особенности вещественных, энергетических и информационных процессов на уровнях функционирования биосферы. Особое внимание уделено описанию живых тел. Приведены основные гипотезы и теории, касающиеся происхождения и эволюции земной формы жизни. С системных позиций даны представления о человеке. Значительная часть материала излагается в авторской трактовке.
|
| 606 |
1 |
|
|a Биология общая
|2 stltpush
|3 (RuTPU)RU\TPU\subj\67323
|9 83167
|
| 610 |
1 |
|
|a учебники
|
| 610 |
1 |
|
|a жизнь
|
| 610 |
1 |
|
|a живые тела
|
| 610 |
1 |
|
|a клетки
|
| 610 |
1 |
|
|a наследование
|
| 610 |
1 |
|
|a биогеоценотические функции
|
| 610 |
1 |
|
|a видовое жизнеобеспечение
|
| 610 |
1 |
|
|a живые организмы
|
| 610 |
1 |
|
|a систематика
|
| 610 |
1 |
|
|a многообразия
|
| 610 |
1 |
|
|a популяции
|
| 610 |
1 |
|
|a биосфера
|
| 610 |
1 |
|
|a человек
|
| 675 |
|
|
|a 573(075.8)
|v 3
|
| 700 |
|
1 |
|a Присный
|b А. В.
|g Александр Владимирович
|
| 801 |
|
1 |
|a RU
|b 63413507
|c 20090526
|g PSBO
|
| 801 |
|
2 |
|a RU
|b 63413507
|c 20091023
|g RCR
|
| 900 |
|
|
|a Общая биология и микробиология
|
| 900 |
|
|
|a Биология
|
| 942 |
|
|
|c BK
|
| 951 |
|
|
|b 020200
|b 020201
|
| 959 |
|
|
|a 61/20090526
|d 1
|e 0
|f ЧЗТЛ:1
|